000 00563nam a2200193 a 4500
001 000032528
005 20240412074256.0
008 110719s20uu dr r 000 p spa d
040 _aDO-SdBNP
_bspa
_cBNPHU
082 _aRD861.44
_bC764a
100 1 _aContreras, Eloy,
_d1971-
_958461
245 1 0 _aAmor /
_cEloy Contreras.
260 _a[Santo Domingo :
_bs.n.,
_c[20--?].
300 _a99 p. ;
_c21 cm.
590 _aInventariado, 2018/BT
650 4 _6POESÍA DOMINICANA
650 0 _aLiteratura dominicana.
_967
910 _aValidado. Control de calidad. MFF
999 _c32019
_d32019